000 00873nmm a2200265 a 4500
001 ocm000667884
003 TR-IsHL
005 20201028132043.0
008 131028s2006 tu tur
007 cr cn
035 _a667884
_b(N$T)
050 0 4 _aG155.T9
_bT87 2006
090 0 4 _aG155.T9
_bT87 2006
245 1 0 _aTurizm sohbetleri I
_h[electronic resource] /
_cPeter Tarlow... [ve öte]
250 _a1. bs.
260 _aİzmir :
_bİzmir Ekonomi Üniversitesi,
_c2006
300 _a57 p.
650 4 _aSpor, Seyahat ve Turizm
650 4 _aSports, Travel & Tourism
650 0 _aTurizm
_x Türkiye
650 0 _aTourism
_x Turkey
650 7 _aBUSINESS & ECONOMICS / Industries / Hospitality, Travel & Tourism
_2bisacsh
700 1 _aTarlow, Peter
856 4 0 _uhttp://search.ebscohost.com/login.aspx?direct=true&scope=site&db=e011xww&AN=667884
999 _c4887
_d4887